000 01154cam a2200241 4500
001 L128474
008 050110n2005 000 0 eng u
020 _a1842192124
035 _a(Sirsi) u128474
041 _aeng
050 _a336.39
_c18
100 _aEaton, David
110 _aRoyal Institution of Chartered Surveyors
_bPublic Affairs
_94679
245 _aQuantifying quality
_bPFI and the delivery of public services
_ban executive summary
260 _aLondon
_bRICS
_c2005
300 _a6p.
_c30cm.
520 _aThis executive summary of the main report suggests that government should pay back costs incurred by firms short listed for PFI contracts. The high costs of bidding for PFI deals acts as a barrier to many, particularly smaller firms, which means that the client and the public are not getting best value from the full market of ideas. A rebate would encourage more companies to put themselves forward.
590 _aIKA070605
650 _aPFI
690 _aProcurement
_96260
856 _uhttps://www.rics.org/RICSWEB/getpage.aspx?p=H3lVdSfLH0abxuUZr1bN5A
_zView this item free of charge at www.rics.org...
942 _n0
999 _c103917
_d103917